01247 a2200229 4500003000500000005001700005020001500022040000900037082001400046100003200060245005600092250001200148260003200160300001200192490003000204505055400234600003000788650003400818942002300852999001900875952012300894NUST20221121173049.0 a0070611610 cNust a515.5,BAR aBarcellos, Anthony 9103078 aCalculus and analytic geometry /cAnthony Barcellos a4th ed. aNew yorkbMcgraw Hillc1987 a796 p.: astudent's solution manual aFunctions (Page-1), Limits And Continuous Functions (Page-13), The Derivative (Page-43), Applications Of The Derivatives(Page-77), The Definite Integral (Page-135), Topics In Differential Calculus (Page-167), Computing Anti derivatives (Page-239), Applications Of The Definite Integral (Page-335), Series And Complex Numbers (Page-439), Partial Derivatives (Page-537)Definite Integrals over plane and Solid Regions (Page-579), The Derivative of a Vector Function (Page-655), Green's Theorem, the Divergence Theorem, and Stokes' Theorem (Page-655).  aAnthony Barcellos9103294 aCalculus and Geometry9103295 2ddccBKk515.5,BAR c181470d181470 00102ddc4070aMCSbMCScGENd2016-12-12o515.5,BARpMCS26201r2016-12-08w2016-12-12yBKzAlmirah No.13, Shelf No.5